Statistics for Countries In the Alps

Click here to take the quiz!

General Stats

  • This quiz has been taken 190 times
  • The average score is 7 of 7

Answer Stats

Country % Correct
Austria
100%
France
98%
Germany
98%
Italy
98%
Switzerland
98%
Liechtenstein
84%
Slovenia
83%

Score Distribution

Percentile by Number Answered

Percent of People with Each Score

Your Score History

You have not taken this quiz